Riconosci il Pokémon - Quiz n°538 - Statistics

Statistiche generali
  • Questo quiz è stato fatto 6 volte
  • Il punteggio medio è 8 su 10
Statistiche sulle risposte
Indizio Risposta % Corretto
Tipo Acqua / Elettro
100%
Stadio evoluzione Prima evoluzione
100%
Generazione Seconda
100%
Peso 22,5 kg
83%
Sesso 50% ♂, 50% ♀
83%
Abilità Assorbivolt; Risplendi; Assorbacqua
83%
Altezza 1,2 m
67%
Tasso di cattura 75 (17.5%)
67%
Pokémon Lanturn
67%
Tasso di allevamento Lento
67%
Nessun quiz corrispondente trovato
Distribuzione punteggi
Percentuale di utenti per punteggio
Percentile per numero di risposta
I tuoi punteggi nel tempo
Non hai fatto questo quiz